[Event "CZE-chT 2324"]
[Site "Czech Republic"]
[Date "2023.10.15"]
[Round "2.4"]
[White "Paulus, Vaclav"]
[Black "Krejca, Jakub"]
[Result "0-1"]
[WhiteElo "2197"]
[BlackElo "2076"]
[PlyCount "62"]
[EventDate "2023.10.14"]
[EventType "team-tourn"]
[EventRounds "11"]
[EventCountry "CZE"]
[SourceTitle "CBM 216 Extra"]
[Source "ChessBase"]
[SourceDate "2023.11.30"]
[SourceVersion "1"]
[SourceVersionDate "2023.11.30"]
[SourceQuality "1"]
[WhiteTeam "Novoborsky"]
[BlackTeam "Hostalkova"]
[WhiteTeamCountry "CZE"]
[BlackTeamCountry "CZE"]

1. e4 e6 2. d4 d5 3. e5 c5 4. c3 Nc6 5. Nf3 Qb6 6. Bd3 Bd7 7. 0-0 cxd4 8. Re1 Nge7 9. h4 Rc8 10. Nbd2 dxc3 11. bxc3 Na5 12. Rb1 Qc7 13. Bb2 Ng6 14. g3 Bc5 15. h5 Ne7 16. h6 gxh6 17. Nh2 Rg8 18. Ng4 Kd8 19. Qf3 Nc4 20. Nxc4 dxc4 21. Be4 Ng6 22. Rbd1 h5 23. Rxd7+ Qxd7 24. Nf6 Nxe5 25. Qf4 Rg4 26. Qxe5 Qd2 27. Re2 Qxe2 28. Nxg4 hxg4 29. Qf6+ Ke8 30. Bxb7 Rc7 31. Bc1 Rxb7 0-1

[Event "Jesenik Rapid op"]
[Site "Jesenik"]
[Date "2023.08.18"]
[Round "2"]
[White "Krejca, Jakub"]
[Black "Cechacek, Miroslav"]
[Result "1-0"]
[WhiteElo "2061"]
[BlackElo "1519"]
[PlyCount "45"]
[EventDate "2023.08.18"]
[EventType "swiss (rapid)"]
[EventRounds "9"]
[EventCountry "CZE"]
[SourceTitle "CBM 216 Extra"]
[Source "ChessBase"]
[SourceDate "2023.11.30"]
[SourceVersion "1"]
[SourceVersionDate "2023.11.30"]
[SourceQuality "1"]

1. e4 c5 2. Nf3 Nc6 3. d4 cxd4 4. Nxd4 e5 5. Nb5 d6 6. c4 a6 7. N5a3 Be7 8. Nc3 Nf6 9. Be2 0-0 10. 0-0 Be6 11. Be3 Qc7 12. Rc1 Rfd8 13. Nd5 Qb8 14. Nb6 Nxe4 15. Nxa8 Qxa8 16. Bf3 d5 17. Bb6 Rd7 18. cxd5 Bxd5 19. Bxe4 Bxa3 20. Bxd5 Bxb2 21. Bxc6 Rxd1 22. Rcxd1 g6 23. Rd8+ 1-0

[Event "Jesenik Rapid op"]
[Site "Jesenik"]
[Date "2023.08.18"]
[Round "7"]
[White "Krejca, Jakub"]
[Black "Vanicek, Daniel"]
[Result "1-0"]
[WhiteElo "2061"]
[BlackElo "1297"]
[PlyCount "59"]
[EventDate "2023.08.18"]
[EventType "swiss (rapid)"]
[EventRounds "9"]
[EventCountry "CZE"]
[SourceTitle "CBM 216 Extra"]
[Source "ChessBase"]
[SourceDate "2023.11.30"]
[SourceVersion "1"]
[SourceVersionDate "2023.11.30"]
[SourceQuality "1"]

1. e4 e5 2. Nf3 Nf6 3. Nxe5 d6 4. Nf3 Nxe4 5. Nc3 Nxc3 6. dxc3 Nc6 7. Bf4 Bf5 8. Qd2 Be7 9. 0-0-0 Qd7 10. h3 a6 11. g4 Be6 12. Kb1 0-0-0 13. Nd4 Nxd4 14. Qxd4 Bf6 15. Qb4 Qc6 16. Rg1 h6 17. Bg2 Qb6 18. Qxb6 cxb6 19. Bxd6 Rd7 20. Bf4 Rhd8 21. Rxd7 Rxd7 22. Be3 Bg5 23. Bxg5 hxg5 24. Kc1 f5 25. Bf3 fxg4 26. Bxg4 Bxg4 27. Rxg4 Rd5 28. c4 Rf5 29. Rg2 Kd7 30. Kd2 1-0

[Event "Pardubice Czech op-E 34th"]
[Site "Pardubice"]
[Date "2023.07.15"]
[Round "5"]
[White "Biolek, Richard"]
[Black "Krejca, Jakub"]
[Result "1-0"]
[WhiteElo "2374"]
[BlackElo "2131"]
[PlyCount "71"]
[EventDate "2023.07.13"]
[EventType "team-swiss"]
[EventRounds "7"]
[EventCountry "CZE"]
[SourceTitle "CBM 215 Extra"]
[Source "ChessBase"]
[SourceDate "2023.09.30"]
[SourceVersion "1"]
[SourceVersionDate "2023.09.30"]
[SourceQuality "1"]
[WhiteTeam "Grygov A64 Valoz"]
[BlackTeam "Hostalkova"]
[WhiteTeamCountry "CZE"]
[BlackTeamCountry "CZE"]

1. e4 e6 2. d4 d5 3. Nc3 Bb4 4. e5 c5 5. Bd2 cxd4 6. Nb5 Bf8 7. Nxd4 Nc6 8. Nxc6 bxc6 9. Nf3 Qb6 10. Bd3 Ba6 11. Be3 Qa5+ 12. Qd2 Qxd2+ 13. Kxd2 Bxd3 14. cxd3 c5 15. Ke2 Rb8 16. Rab1 d4 17. Bd2 Ne7 18. b4 cxb4 19. Bxb4 Nd5 20. Bd2 Rc8 21. Rhc1 Rxc1 22. Rxc1 Kd7 23. Nxd4 Be7 24. Rc4 Rb8 25. Nb3 Nb6 26. Rd4+ Ke8 27. Bb4 Nd5 28. Bxe7 Nc3+ 29. Kd2 Nxa2 30. Bh4 g5 31. Bxg5 f6 32. exf6 Rxb3 33. Rd8+ Kf7 34. Rd7+ Kg8 35. f7+ Kf8 36. Bh6# 1-0

[Event "CZE-ch Amateur"]
[Site "Hluk"]
[Date "2023.05.11"]
[Round "9"]
[White "Krejca, Jakub"]
[Black "Babula, Matej"]
[Result "1/2-1/2"]
[WhiteElo "2150"]
[BlackElo "1951"]
[PlyCount "51"]
[EventDate "2023.05.06"]
[EventType "swiss"]
[EventRounds "9"]
[EventCountry "CZE"]
[SourceTitle "CBM 214 Extra"]
[Source "ChessBase"]
[SourceDate "2023.07.31"]
[SourceVersion "1"]
[SourceVersionDate "2023.07.31"]
[SourceQuality "1"]

1. d4 Nf6 2. Nc3 d5 3. Bf4 Bf5 4. e3 e6 5. Bd3 Bxd3 6. Qxd3 Bd6 7. Nge2 Nc6 8. a3 a6 9. 0-0-0 Qe7 10. f3 0-0-0 11. Bxd6 Qxd6 12. e4 Qd7 13. e5 Ng8 14. b4 Nge7 15. Kb2 Kb8 16. Rb1 Nc8 17. Ka2 Nb6 18. b5 axb5 19. Rxb5 Nc4 20. Rhb1 b6 21. Na4 Ka7 22. Qb3 N6a5 23. Qb4 Nc6 24. Qb3 N6a5 25. Qb4 Nc6 26. Qb3 1/2-1/2

[Event "CZE-ch Amateur"]
[Site "Hluk"]
[Date "2023.05.10"]
[Round "7"]
[White "Krejca, Jakub"]
[Black "Urban, Vlastimil"]
[Result "1-0"]
[WhiteElo "2150"]
[BlackElo "1879"]
[PlyCount "59"]
[EventDate "2023.05.06"]
[EventType "swiss"]
[EventRounds "9"]
[EventCountry "CZE"]
[SourceTitle "CBM 214 Extra"]
[Source "ChessBase"]
[SourceDate "2023.07.31"]
[SourceVersion "1"]
[SourceVersionDate "2023.07.31"]
[SourceQuality "1"]

1. e4 c6 2. d4 d5 3. exd5 cxd5 4. c4 Nf6 5. Nc3 Nc6 6. Nf3 Bg4 7. cxd5 Nxd5 8. Qb3 Bxf3 9. gxf3 e6 10. Qxb7 Nxd4 11. Bb5+ Nxb5 12. Qc6+ Ke7 13. Qxb5 f6 14. Qb7+ Ke8 15. 0-0 Nxc3 16. bxc3 Qd5 17. Qxd5 exd5 18. Rd1 Rc8 19. Rxd5 Rxc3 20. Be3 a6 21. Rb1 Rc7 22. Rb6 Kf7 23. Rd8 g6 24. Rxa6 Bg7 25. Rxh8 Bxh8 26. a4 Rc4 27. Ra7+ Kg8 28. Ra8+ Kg7 29. a5 Ra4 30. a6 1-0

[Event "CZE-ch Amateur"]
[Site "Hluk"]
[Date "2023.05.08"]
[Round "4"]
[White "Hladky, Tadeas"]
[Black "Krejca, Jakub"]
[Result "1/2-1/2"]
[WhiteElo "2031"]
[BlackElo "2150"]
[PlyCount "56"]
[EventDate "2023.05.06"]
[EventType "swiss"]
[EventRounds "9"]
[EventCountry "CZE"]
[SourceTitle "CBM 214 Extra"]
[Source "ChessBase"]
[SourceDate "2023.07.31"]
[SourceVersion "1"]
[SourceVersionDate "2023.07.31"]
[SourceQuality "1"]

1. e4 e6 2. d4 d5 3. Nd2 Nf6 4. e5 Nfd7 5. Bd3 c5 6. c3 Nc6 7. Ne2 cxd4 8. cxd4 f6 9. exf6 Nxf6 10. Nf3 Bd6 11. 0-0 Qc7 12. Nc3 a6 13. Bg5 0-0 14. a3 h6 15. Bh4 Nh5 16. Bg3 Nxg3 17. hxg3 Bd7 18. Bc2 Be8 19. Qd3 g5 20. Rfe1 Rf6 21. Qe3 Qg7 22. Ne5 Bh5 23. Na4 Raf8 24. Rf1 Be2 25. Rfe1 Bh5 26. Rf1 Qc7 27. Nxc6 bxc6 28. b4 Bg4 1/2-1/2

[Event "CZE-ch Amateur"]
[Site "Hluk"]
[Date "2023.05.07"]
[Round "3"]
[White "Krejca, Jakub"]
[Black "Mik, Tomas"]
[Result "1-0"]
[WhiteElo "2150"]
[BlackElo "1853"]
[PlyCount "79"]
[EventDate "2023.05.06"]
[EventType "swiss"]
[EventRounds "9"]
[EventCountry "CZE"]
[SourceTitle "CBM 214 Extra"]
[Source "ChessBase"]
[SourceDate "2023.07.31"]
[SourceVersion "1"]
[SourceVersionDate "2023.07.31"]
[SourceQuality "1"]

1. Nc3 c5 2. e4 e6 3. Nf3 d6 4. d4 cxd4 5. Nxd4 Nf6 6. Be3 Be7 7. f3 0-0 8. Qd2 Nc6 9. 0-0-0 d5 10. exd5 Nxd5 11. Nxd5 Qxd5 12. Nb3 Nb4 13. a3 Qxd2+ 14. Bxd2 Nc6 15. Be3 e5 16. Bb5 a6 17. Bxc6 bxc6 18. Nc5 Re8 19. Nd7 f6 20. Nb6 Rb8 21. Nxc8 Rbxc8 22. Rd7 c5 23. c4 Kf7 24. Rhd1 Ke6 25. Ra7 Rc6 26. Rdd7 g5 27. Rdc7 Rxc7 28. Rxc7 f5 29. Rc6+ Kd7 30. Rxa6 f4 31. Bf2 g4 32. Rh6 e4 33. Rxh7 e3 34. Bh4 gxf3 35. gxf3 Rg8 36. Rxe7+ Kd6 37. Re4 Rg1+ 38. Kc2 Rh1 39. Bg5 Rxh2+ 40. Kc3 1-0

[Event "Zlin Region-chT 2223"]
[Site "Czech Republic"]
[Date "2023.02.26"]
[Round "9.1"]
[White "Krejca, Jakub"]
[Black "Kocian, Miroslav"]
[Result "1/2-1/2"]
[WhiteElo "2146"]
[BlackElo "2053"]
[PlyCount "47"]
[EventDate "2022.10.09"]
[EventType "team-tourn"]
[EventRounds "11"]
[EventCountry "CZE"]
[SourceTitle "EXT 2024"]
[Source "ChessBase"]
[SourceDate "2023.10.10"]
[SourceVersion "1"]
[SourceVersionDate "2023.10.10"]
[SourceQuality "1"]
[WhiteTeam "Usti Sokol"]
[BlackTeam "Zlin II"]
[WhiteTeamCountry "CZE"]
[BlackTeamCountry "CZE"]

1. e4 e5 2. Nf3 Nc6 3. Bc4 Nf6 4. Ng5 Bc5 5. Nxf7 Bxf2+ 6. Kf1 Qe7 7. Nxh8 d5 8. exd5 Nd4 9. d6 cxd6 10. Kxf2 Bg4 11. Qf1 d5 12. c3 Nc2 13. Bb5+ Kf8 14. Na3 Nxa1 15. h3 Be6 16. d3 a6 17. Ba4 b5 18. Bd1 Kg8 19. Qe2 Qc5+ 20. Qe3 Qd6 21. Re1 e4 22. Kg1 b4 23. Nb1 Kxh8 24. d4 1/2-1/2

[Event "Zlin Region-chT 2223"]
[Site "Czech Republic"]
[Date "2023.01.15"]
[Round "6.1"]
[White "Vitak, Pavel"]
[Black "Krejca, Jakub"]
[Result "1/2-1/2"]
[WhiteElo "2219"]
[BlackElo "2146"]
[PlyCount "73"]
[EventDate "2022.10.09"]
[EventType "team-tourn"]
[EventRounds "11"]
[EventCountry "CZE"]
[SourceTitle "EXT 2024"]
[Source "ChessBase"]
[SourceDate "2023.10.10"]
[SourceVersion "1"]
[SourceVersionDate "2023.10.10"]
[SourceQuality "1"]
[WhiteTeam "Valasska Bystrice Sokol"]
[BlackTeam "Usti Sokol"]
[WhiteTeamCountry "CZE"]
[BlackTeamCountry "CZE"]

1. e4 e6 2. d3 d5 3. Nd2 Nf6 4. Ngf3 Be7 5. g3 0-0 6. Bg2 c5 7. e5 Nfd7 8. 0-0 Nc6 9. Re1 b5 10. Nf1 a5 11. h4 b4 12. N1h2 a4 13. a3 bxa3 14. bxa3 Ba6 15. Bf4 Rb8 16. h5 Nd4 17. Nxd4 cxd4 18. Qg4 Kh8 19. Nf3 Rb2 20. Nxd4 Bc5 21. Bc1 Bxd4 22. Qxd4 Rxc2 23. Qxa4 Bxd3 24. h6 Rc4 25. hxg7+ Kxg7 26. Qd1 Bg6 27. Qd2 Kg8 28. Qh6 f6 29. exf6 Qxf6 30. Ra2 Ne5 31. Bf4 Nf7 32. Qh3 Bf5 33. Qh5 Ra4 34. Qd1 Rfa8 35. Qb3 Qg6 36. Bd2 Be4 37. Bb4 1/2-1/2

[Event "Zlin Region-chT 2223"]
[Site "Czech Republic"]
[Date "2022.10.23"]
[Round "2.1"]
[White "Richvalsky, Patrik"]
[Black "Krejca, Jakub"]
[Result "1/2-1/2"]
[WhiteElo "2055"]
[BlackElo "2129"]
[PlyCount "120"]
[EventDate "2022.10.09"]
[EventType "team-tourn"]
[EventRounds "11"]
[EventCountry "CZE"]
[SourceTitle "EXT 2024"]
[Source "ChessBase"]
[SourceDate "2023.10.10"]
[SourceVersion "1"]
[SourceVersionDate "2023.10.10"]
[SourceQuality "1"]
[WhiteTeam "Zlin Malenovice"]
[BlackTeam "Usti Sokol"]
[WhiteTeamCountry "CZE"]
[BlackTeamCountry "CZE"]

1. d4 d5 2. c4 e6 3. Nf3 Nf6 4. g3 Be7 5. Bg2 0-0 6. 0-0 dxc4 7. Qc2 b5 8. a4 b4 9. Ne5 Qxd4 10. Bxa8 Qxe5 11. Bf4 Qh5 12. Bf3 Ng4 13. Bxg4 Qxg4 14. Nd2 e5 15. Bxe5 Nc6 16. Nxc4 Ba6 17. Rac1 Bxc4 18. Qxc4 Qxc4 19. Rxc4 Nxe5 20. Rxc7 Bf6 21. Rxa7 Nc4 22. Rb7 Nxb2 23. a5 Na4 24. Rxb4 Nc3 25. a6 g6 26. a7 Nxe2+ 27. Kg2 Bd4 28. Ra1 Bxa1 29. Rb8 Bf6 30. Rxf8+ Kxf8 31. a8Q+ Kg7 32. h4 Nd4 33. g4 h6 34. h5 g5 35. Qd5 Ne6 36. Kf3 Nf8 37. Qf5 Ne6 38. Ke3 Bd4+ 39. Kd3 Kf8 40. Kc4 Bg7 41. Kd5 Ke7 42. Qh7 Nf4+ 43. Kc6 Ne6 44. Kb7 Kd7 45. Qf5 Ke7 46. Kc8 Ke8 47. Qb5+ Ke7 48. Qd7+ Kf8 49. Qd3 Ke7 50. Qa3+ Ke8 51. Qd6 Bf6 52. Kb7 Bg7 53. Kc6 Nd4+ 54. Kd5 Ne6 55. Qb8+ Ke7 56. Qa7+ Ke8 57. Kd6 Bf8+ 58. Kc6 Nd8+ 59. Kc7 Ne6+ 60. Kc8 Bg7 1/2-1/2

[Event "CZE-chT 2223"]
[Site "Czech Republic"]
[Date "2022.10.16"]
[Round "2.1"]
[White "Simek, Petr1"]
[Black "Krejca, Jakub"]
[Result "1-0"]
[WhiteElo "2323"]
[BlackElo "2146"]
[PlyCount "65"]
[EventDate "2022.10.15"]
[EventType "team-tourn"]
[EventRounds "11"]
[EventCountry "CZE"]
[SourceTitle "CBM 210 Extra"]
[Source "ChessBase"]
[SourceDate "2022.11.30"]
[SourceVersion "1"]
[SourceVersionDate "2022.11.30"]
[SourceQuality "1"]
[WhiteTeam "Unichess"]
[BlackTeam "Hostalkova"]
[WhiteTeamCountry "CZE"]
[BlackTeamCountry "CZE"]

1. d4 e6 2. c4 d5 3. Nf3 Nf6 4. g3 Be7 5. Bg2 0-0 6. 0-0 dxc4 7. Qc2 b5 8. a4 b4 9. Nfd2 Nd5 10. Nxc4 c5 11. dxc5 Ba6 12. Ne3 Nd7 13. Nxd5 exd5 14. c6 Rc8 15. Bxd5 Qa5 16. Qf5 Nc5 17. Bf3 Bc4 18. Nd2 Be6 19. Qc2 Bf6 20. Ne4 Nb3 21. Nxf6+ gxf6 22. Bf4 Nxa1 23. Rxa1 b3 24. Qe4 Bf5 25. Qd4 Rfe8 26. Qxf6 Re6 27. Qg5+ Rg6 28. Qh5 Rcxc6 29. Bxc6 Rxc6 30. e4 Rc2 31. Qg5+ Kf8 32. Bd6+ Ke8 33. Qe7# 1-0

[Event "CZE-chT2E 2122"]
[Site "Czech Republic"]
[Date "2022.02.27"]
[Round "9.3"]
[White "Krejca, Jakub"]
[Black "Cagasik, Tomas"]
[Result "1-0"]
[WhiteElo "2162"]
[BlackElo "2138"]
[PlyCount "95"]
[EventDate "2021.10.17"]
[EventType "team-tourn"]
[EventRounds "11"]
[EventCountry "CZE"]
[SourceTitle "EXT 2024"]
[Source "ChessBase"]
[SourceDate "2023.10.10"]
[SourceVersion "1"]
[SourceVersionDate "2023.10.10"]
[SourceQuality "1"]
[WhiteTeam "Zlin"]
[BlackTeam "Kromeriz Slavia II"]
[WhiteTeamCountry "CZE"]
[BlackTeamCountry "CZE"]

1. e4 c6 2. d4 d5 3. exd5 cxd5 4. Bd3 Nc6 5. c3 g6 6. Nf3 Bg7 7. 0-0 Nf6 8. Bf4 Nh5 9. Be3 0-0 10. Re1 Qd6 11. Nbd2 f5 12. Nb3 f4 13. Bd2 Bg4 14. c4 Nxd4 15. Nbxd4 Bxd4 16. Qb3 Bxf3 17. gxf3 Qf6 18. Qxb7 e6 19. Bc3 Bxc3 20. bxc3 Qxc3 21. Qb3 Qxb3 22. axb3 Kf7 23. Ra6 Rfe8 24. c5 Re7 25. b4 Rc8 26. Bf1 Ng7 27. Rc1 Nf5 28. b5 Nd4 29. Kg2 Rcc7 30. Rca1 Nb3 31. b6 axb6 32. cxb6 Rb7 33. Rb1 Nd2 34. Rb4 e5 35. Bb5 Re6 36. Ra7 Rexb6 37. Rxb7+ Rxb7 38. Be8+ Kxe8 39. Rxb7 Kf8 40. Rxh7 d4 41. Rc7 Nb3 42. Kf1 e4 43. fxe4 Nd2+ 44. Ke2 Nxe4 45. Rd7 Nc5 46. Rxd4 Ne6 47. Rd7 Ke8 48. Ra7 1-0

[Event "CZE-chT2E 2122"]
[Site "Czech Republic"]
[Date "2022.01.30"]
[Round "7.4"]
[White "Bazant, Petr Sr"]
[Black "Krejca, Jakub"]
[Result "1/2-1/2"]
[WhiteElo "2211"]
[BlackElo "2162"]
[PlyCount "116"]
[EventDate "2021.10.17"]
[EventType "team-tourn"]
[EventRounds "11"]
[EventCountry "CZE"]
[SourceTitle "EXT 2024"]
[Source "ChessBase"]
[SourceDate "2023.10.10"]
[SourceVersion "1"]
[SourceVersionDate "2023.10.10"]
[SourceQuality "1"]
[WhiteTeam "Stare Mesto II"]
[BlackTeam "Zlin"]
[WhiteTeamCountry "CZE"]
[BlackTeamCountry "CZE"]

1. d4 d5 2. c4 e6 3. Nf3 Nf6 4. Bg5 Be7 5. e3 0-0 6. Nc3 Nbd7 7. Bd3 dxc4 8. Bxc4 c5 9. 0-0 cxd4 10. Nxd4 Ne5 11. Be2 Bd7 12. Qb3 Qb6 13. Qxb6 axb6 14. Rfd1 Bc6 15. Bf4 Ned7 16. Nxc6 bxc6 17. Bd6 Bxd6 18. Rxd6 Rfc8 19. Rad1 Nc5 20. a3 Nd5 21. Nxd5 exd5 22. Rc1 Kf8 23. e4 dxe4 24. b4 Ne6 25. Bg4 Ke7 26. Rdxc6 Rxc6 27. Rxc6 Rxa3 28. g3 Nd4 29. Rc4 Rd3 30. Kf1 f5 31. Be2 Rd2 32. Bh5 Nf3 33. Bxf3 exf3 34. Ke1 Re2+ 35. Kf1 Rb2 36. Ke1 g6 37. Rc7+ Kf8 38. Rc8+ Kg7 39. Rc7+ Kh6 40. Rc4 Re2+ 41. Kf1 Re4 42. Rc3 Rxb4 43. Rxf3 Rb2 44. Rc3 Kg5 45. h4+ Kh6 46. Rc7 b5 47. Kg2 b4 48. Rb7 Rb1 49. f3 b3 50. g4 fxg4 51. fxg4 b2 52. Kh2 Rc1 53. Rxb2 Rc7 54. Rb3 Kg7 55. Kg3 Rd7 56. Rb4 Kf6 57. Kf4 Kg7 58. Ra4 Rf7+ 1/2-1/2

[Event "CZE-chT1E 2122"]
[Site "Czech Republic"]
[Date "2022.01.22"]
[Round "6.3"]
[White "Holemar, David"]
[Black "Krejca, Jakub"]
[Result "1/2-1/2"]
[WhiteElo "2197"]
[BlackElo "2157"]
[PlyCount "140"]
[EventDate "2021.10.09"]
[EventType "team-tourn"]
[EventRounds "11"]
[EventCountry "CZE"]
[SourceTitle "EXT 2023"]
[Source "ChessBase"]
[SourceDate "2022.10.05"]
[SourceVersion "1"]
[SourceVersionDate "2022.10.05"]
[SourceQuality "1"]
[WhiteTeam "Brno Moravska Slavia II"]
[BlackTeam "Hostalkova"]
[WhiteTeamCountry "CZE"]
[BlackTeamCountry "CZE"]

1. d4 d5 2. c4 e6 3. Nc3 Nf6 4. cxd5 exd5 5. Bg5 Be7 6. e3 0-0 7. Bd3 Nbd7 8. Qc2 c6 9. Nge2 Re8 10. 0-0 Nf8 11. Rad1 Bd6 12. Bf4 Bg4 13. f3 Bh5 14. Bxd6 Qxd6 15. Ng3 Bg6 16. Rfe1 Rad8 17. a3 Ne6 18. Nf5 Bxf5 19. Bxf5 g6 20. Bd3 Re7 21. Qf2 Rde8 22. Bb1 Kg7 23. Qg3 Qd8 24. Qf2 Qd6 25. Qg3 Qd8 26. Qf2 Qd6 27. Re2 Ng5 28. Rde1 a6 29. Qg3 Qxg3 30. hxg3 Nd7 31. g4 Nb6 32. Bd3 Ne6 33. Kf2 Nc8 34. Rc1 Nd6 35. Nb1 Rh8 36. Rh1 Rhe8 37. Rc1 Rh8 38. Rh1 Rhe8 39. Nc3 Nc7 40. Na4 Ne6 41. Nc3 Nc7 42. Na4 Ne6 43. Rc2 Nd8 44. Re1 Ne6 45. Rec1 Nd8 46. Re2 Rh8 47. Rh1 Ne6 48. Rc2 Rhe8 49. Rhc1 Nd8 50. Re2 Rh8 51. Rh1 Ne6 52. Nb6 Nc8 53. Nxc8 Rxc8 54. Rc1 Rh8 55. Rh1 Nc7 56. Rc2 Nb5 57. a4 Nd6 58. a5 Rf8 59. Rc3 f5 60. gxf5 Nxf5 61. Bxf5 Rxf5 62. Rb3 h5 63. Rc3 Rff7 64. Rb3 Kf6 65. Rh4 Ke6 66. g4 hxg4 67. Rxg4 Kf6 68. Rf4+ Ke6 69. Rg4 Kf6 70. Rf4+ Ke6 1/2-1/2

[Event "CZE-chT1E 2122"]
[Site "Czech Republic"]
[Date "2021.12.12"]
[Round "5.3"]
[White "Parak, Dominik"]
[Black "Krejca, Jakub"]
[Result "1/2-1/2"]
[WhiteElo "2130"]
[BlackElo "2157"]
[PlyCount "128"]
[EventDate "2021.10.09"]
[EventType "team-tourn"]
[EventRounds "11"]
[EventCountry "CZE"]
[SourceTitle "EXT 2023"]
[Source "ChessBase"]
[SourceDate "2022.10.05"]
[SourceVersion "1"]
[SourceVersionDate "2022.10.05"]
[SourceQuality "1"]
[WhiteTeam "Vsetin"]
[BlackTeam "Hostalkova"]
[WhiteTeamCountry "CZE"]
[BlackTeamCountry "CZE"]

1. e4 e6 2. d4 d5 3. e5 c5 4. c3 Nc6 5. Nf3 Qb6 6. a3 c4 7. Nbd2 Na5 8. Be2 Bd7 9. 0-0 Ne7 10. Rb1 Nb3 11. Bxc4 Nxd2 12. Nxd2 Rc8 13. Bd3 Bb5 14. Qe2 Bxd3 15. Qxd3 Nc6 16. b4 Qc7 17. Bb2 Be7 18. f4 g6 19. Qh3 Nb8 20. Rbc1 Nd7 21. c4 dxc4 22. Rxc4 Qd8 23. Rxc8 Qxc8 24. Rc1 Qb8 25. Qc3 Bd8 26. Ne4 0-0 27. Nd6 Nb6 28. Qf3 Be7 29. Nxb7 Nd5 30. Na5 Qb6 31. Nc4 Qb5 32. g4 Rc8 33. Nd6 Rxc1+ 34. Bxc1 Qc6 35. Bd2 Qc2 36. Ne4 Qb1+ 37. Kg2 Qb2 38. g5 Qxd4 39. Bc3 Qc4 40. Be1 Qc1 41. Bd2 Qb2 42. Kg3 Bd8 43. Qd3 Qa1 44. Nf6+ Bxf6 45. exf6 Qg1+ 46. Kf3 Qh1+ 47. Ke2 Qxh2+ 48. Kd1 h5 49. Qc4 Qg1+ 50. Kc2 Kh7 51. Qc8 Qd4 52. Qf8 Qe4+ 53. Kb2 Qd4+ 54. Kc1 Qc4+ 55. Kd1 Qf1+ 56. Be1 Qd3+ 57. Kc1 Qc4+ 58. Kd1 Qd3+ 59. Kc1 Qxa3+ 60. Kb1 Qb3+ 61. Ka1 Qa3+ 62. Kb1 Qb3+ 63. Ka1 Qa3+ 64. Kb1 Qb3+ 1/2-1/2

[Event "CZE-chT1E 2122"]
[Site "Czech Republic"]
[Date "2021.10.10"]
[Round "2.5"]
[White "Krejca, Jakub"]
[Black "Vala, Filip"]
[Result "0-1"]
[WhiteElo "2157"]
[BlackElo "2158"]
[PlyCount "134"]
[EventDate "2021.10.09"]
[EventType "team-tourn"]
[EventRounds "11"]
[EventCountry "CZE"]
[SourceTitle "EXT 2023"]
[Source "ChessBase"]
[SourceDate "2022.10.05"]
[SourceVersion "1"]
[SourceVersionDate "2022.10.05"]
[SourceQuality "1"]
[WhiteTeam "Hostalkova"]
[BlackTeam "Chotebor"]
[WhiteTeamCountry "CZE"]
[BlackTeamCountry "CZE"]

1. e4 d6 2. d4 Nf6 3. Nc3 g6 4. f3 c6 5. Be3 b5 6. Qd2 Nbd7 7. g4 Nb6 8. a3 a6 9. h4 h5 10. g5 Nfd7 11. f4 Bb7 12. Nh3 c5 13. d5 Bg7 14. Be2 Rc8 15. 0-0 b4 16. Nd1 a5 17. f5 Ne5 18. Bb5+ Nbd7 19. fxg6 Nxg6 20. Qe2 Nge5 21. Nf4 Qb6 22. c4 Ba6 23. a4 Kd8 24. Nxh5 Rh7 25. Bf2 Kc7 26. Ne3 Rch8 27. Nf4 Rxh4 28. Bxh4 Rxh4 29. Kg2 Bc8 30. Kg3 Rh8 31. Rh1 Rg8 32. Kf2 Nf8 33. Rag1 Nfg6 34. Nh5 Bh8 35. Ke1 Nf8 36. Nf4 Nfg6 37. Nxg6 Nxg6 38. Rf1 Ne5 39. Rh7 Bg7 40. Kd2 Kb8 41. b3 Qd8 42. Kc2 Qf8 43. Qh5 Ng6 44. Nf5 Bxf5 45. Rxf5 Ne5 46. Qh3 Ng6 47. Qf3 Ne5 48. Qh5 Ng6 49. Bd7 Ne5 50. Be6 Rh8 51. Rxh8 Bxh8 52. Bxf7 Ng4 53. Qxg4 Qg7 54. Kd1 Qa1+ 55. Ke2 Bd4 56. Qg2 Qa2+ 57. Kf3 Qxb3+ 58. Kg4 Qd1+ 59. Qf3 Qg1+ 60. Qg3 Qd1+ 61. Rf3 b3 62. Kf5 b2 63. Rb3+ Kc7 64. Ke6 b1Q 65. Rxb1 Qxb1 66. Qg4 Qb8 67. Bg6 Qc8+ 0-1

[Event "Vsetin op 45th"]
[Site "Vsetin"]
[Date "2020.07.06"]
[Round "3"]
[White "Gratze, Michael"]
[Black "Krejca, Jakub"]
[Result "1/2-1/2"]
[WhiteElo "1919"]
[BlackElo "2166"]
[PlyCount "66"]
[EventDate "2020.07.04"]
[EventType "swiss"]
[EventRounds "9"]
[EventCountry "CZE"]
[SourceTitle "CBM 197 Extra"]
[Source "ChessBase"]
[SourceDate "2020.09.30"]
[SourceVersion "1"]
[SourceVersionDate "2020.09.30"]
[SourceQuality "1"]

1. e4 e6 2. d4 d5 3. Nd2 Nf6 4. e5 Nfd7 5. Ngf3 c5 6. c3 Nc6 7. Bd3 Qb6 8. 0-0 Be7 9. a3 cxd4 10. cxd4 a5 11. Qa4 Qc7 12. Qc2 h6 13. b3 Nb6 14. Bb2 Bd7 15. Rac1 0-0 16. Qc3 Rfc8 17. Bb1 Qd8 18. Qd3 g6 19. Qe3 Kg7 20. Bd3 Na7 21. Rc5 Bc6 22. Rfc1 Nd7 23. R5c2 Bb5 24. Ne1 Rxc2 25. Rxc2 Rc8 26. Rxc8 Qxc8 27. Bxb5 Nxb5 28. a4 Na7 29. Qc3 Qxc3 30. Bxc3 b6 31. Nc2 Nc6 32. f4 Ndb8 33. Kf2 Na6 1/2-1/2

[Event "Vsetin op 45th"]
[Site "Vsetin"]
[Date "2020.07.06"]
[Round "4"]
[White "Krejca, Jakub"]
[Black "Trybus, Daniel"]
[Result "1/2-1/2"]
[WhiteElo "2166"]
[BlackElo "1950"]
[PlyCount "50"]
[EventDate "2020.07.04"]
[EventType "swiss"]
[EventRounds "9"]
[EventCountry "CZE"]
[SourceTitle "CBM 197 Extra"]
[Source "ChessBase"]
[SourceDate "2020.09.30"]
[SourceVersion "1"]
[SourceVersionDate "2020.09.30"]
[SourceQuality "1"]

1. e4 c5 2. Nf3 d6 3. d4 cxd4 4. Nxd4 Nf6 5. Nc3 a6 6. Be3 e6 7. f3 h5 8. Qd2 Be7 9. 0-0-0 b5 10. Kb1 0-0 11. h3 h4 12. Nce2 e5 13. Nb3 a5 14. g3 a4 15. Nbc1 Nc6 16. gxh4 Be6 17. Rg1 Qa5 18. Bh6 Qxd2 19. Rxd2 Ne8 20. Bg5 f6 21. Be3 f5 22. Bg5 Nf6 23. exf5 Bxf5 24. Ng3 Be6 25. Bxb5 Nd4 1/2-1/2